000 00450nam a22001697a 4500
003 MACL
005 20160115145549.0
008 160115b xxu||||| |||| 00| 0 eng d
040 _cMACL
041 _aEnglish
082 _a780/SAR
100 _aSarma Dr. Nabin Ch
_932620
245 _aShamanistic Dances Of he Tribal And The Non-Tribal People Of Assam
260 _aGuwahati
_bChandra Prakash
_c2010
650 _aDances
_917407
942 _2ddc
_cBK
999 _c52461
_d52461